<?xml version="1.0" encoding="UTF-8"?>
<record
    xmlns:xsi="http://www.w3.org/2001/XMLSchema-instance"
    xsi:schemaLocation="http://www.loc.gov/MARC21/slim http://www.loc.gov/standards/marcxml/schema/MARC21slim.xsd"
    xmlns="http://www.loc.gov/MARC21/slim">

  <leader>02220nam a22001937a 4500</leader>
  <controlfield tag="003">OSt</controlfield>
  <controlfield tag="005">20260408090948.0</controlfield>
  <controlfield tag="008">260408b        |||||||| |||| 00| 0 esp d</controlfield>
  <datafield tag="082" ind1=" " ind2=" ">
    <subfield code="2">958-32-0060-3</subfield>
  </datafield>
  <datafield tag="100" ind1=" " ind2=" ">
    <subfield code="a">JUAN ANTONIO OLLERO </subfield>
  </datafield>
  <datafield tag="245" ind1=" " ind2=" ">
    <subfield code="a">APRENDE INGLES  MI PRIMERA GRAMATICA  VOL2</subfield>
  </datafield>
  <datafield tag="260" ind1=" " ind2=" ">
    <subfield code="a">1RA EDICION </subfield>
    <subfield code="b">GRUPO EDITORIAL OCEANO </subfield>
    <subfield code="c">2001</subfield>
  </datafield>
  <datafield tag="300" ind1=" " ind2=" ">
    <subfield code="a">256 PAG</subfield>
    <subfield code="c"> 18 x 25 cm</subfield>
  </datafield>
  <datafield tag="490" ind1=" " ind2=" ">
    <subfield code="3"> tapa dura (carton&#xE9;).</subfield>
  </datafield>
  <datafield tag="520" ind1=" " ind2=" ">
    <subfield code="a">Organizaci&#xF3;n Alfab&#xE9;tica: T&#xE9;rminos de la A a la Z con su traducci&#xF3;n y, a menudo, una oraci&#xF3;n de ejemplo para ver el uso de la palabra. L&#xE9;xico por Centros de Inter&#xE9;s: Vocabulario agrupado por temas cercanos al estudiante como: La Familia y la Gente: Miembros del hogar y descripciones f&#xED;sicas. La Naturaleza y Animales: Nombres de mascotas, animales salvajes y el entorno natural. Alimentaci&#xF3;n y Salud: Vocabulario de comidas, frutas, verduras y partes del cuerpo .Entorno Diario: La casa (habitaciones, muebles), la escuela y la ciudad.2. Continuaci&#xF3;n de Estructuras Gramaticales algunas versiones de este cat&#xE1;logo, el Tomo 2 profundiza en reglas que permiten dar movimiento a las palabras del diccionario: Adjetivos y Adverbios: C&#xF3;mo describir objetos (colores, tama&#xF1;os) y acciones (aqu&#xED;, all&#xE1;, r&#xE1;pido).Sustantivos y Plurales: Reglas b&#xE1;sicas para transformar palabras de singular a plural. Preposiciones de Lugar: Palabras clave para indicar posici&#xF3;n como in, on, Ander, behind.3. Secciones de Pr&#xE1;ctica Ejercicios de Aplicaci&#xF3;n: Actividades para relacionar las palabras aprendidas con im&#xE1;genes o completar frases sencillas. Curiosidades Ling&#xFC;&#xED;sticas: Peque&#xF1;as notas sobre el uso de ciertas expresiones o diferencias entre el ingl&#xE9;s brit&#xE1;nico y americano</subfield>
  </datafield>
  <datafield tag="650" ind1=" " ind2=" ">
    <subfield code="x">Presente (Present): Se consolida el Present Simple (rutinas) y el Present Continuous (acciones actuales).Pasado (Past): Introducci&#xF3;n al Past Simple para narrar eventos terminados, diferenciando entre verbos regulares e irregulares.Futuro (Future): Uso de estructuras b&#xE1;sicas como will y going to para expresar planes o intenciones.</subfield>
    <subfield code="y">Ampliaci&#xF3;n l&#xE9;xica y estructuras de tiempo b&#xE1;sicas.</subfield>
    <subfield code="z">arcelona (Espa&#xF1;a) o Bogot&#xE1; (Colombia)</subfield>
  </datafield>
  <datafield tag="700" ind1=" " ind2=" ">
    <subfield code="a">JUAN ANTONIO OLLERO </subfield>
  </datafield>
  <datafield tag="942" ind1=" " ind2=" ">
    <subfield code="2">ddc</subfield>
    <subfield code="c">BKA</subfield>
    <subfield code="n">0</subfield>
  </datafield>
  <datafield tag="952" ind1=" " ind2=" ">
    <subfield code="0">0</subfield>
    <subfield code="1">0</subfield>
    <subfield code="2">ddc</subfield>
    <subfield code="4">0</subfield>
    <subfield code="7">0</subfield>
    <subfield code="8">E03</subfield>
    <subfield code="a">ISUS</subfield>
    <subfield code="b">ISUS</subfield>
    <subfield code="c">Biblioteca Abierta</subfield>
    <subfield code="d">2026-04-08</subfield>
    <subfield code="e">IDIOMAS </subfield>
    <subfield code="f">0474</subfield>
    <subfield code="i">0474</subfield>
    <subfield code="l">0</subfield>
    <subfield code="o">INGLES</subfield>
    <subfield code="p">IDIOMA0474</subfield>
    <subfield code="r">2026-04-08 09:11:07</subfield>
    <subfield code="t">1</subfield>
    <subfield code="w">2026-04-08</subfield>
    <subfield code="y">BKA</subfield>
  </datafield>
  <datafield tag="999" ind1=" " ind2=" ">
    <subfield code="c">2050</subfield>
    <subfield code="d">2050</subfield>
  </datafield>
</record>
